Histoire de ma vie: my autobiography
Uloženo v:
| Hlavní autor: | |
|---|---|
| Médium: | Kniha |
| Jazyk: | francouzština |
| Vydáno: |
París
Robert Laffont
1964
|
| Edice: | Le Livre de Poche
|
| Témata: | |
| Tagy: |
Přidat tag
Žádné tagy, Buďte první, kdo vytvoří štítek k tomuto záznamu!
|
MARC
| LEADER | 00000nam a2200000 a 4500 | ||
|---|---|---|---|
| 001 | UCV8852 | ||
| 003 | CL-VaPUC | ||
| 008 | 920102e19640000FR |||||||||||||||||fre|d | ||
| 082 | 0 | 4 | |a 927 |b CHA |2 21 |
| 100 | 0 | |a Chaplin, Charles |e author |9 266490 | |
| 245 | 1 | 0 | |a Histoire de ma vie: my autobiography |
| 300 | |a 697 p | ||
| 942 | |c BK | ||
| 945 | |d 19920102 00:00:00 | ||
| 260 | |a París |b Robert Laffont |c 1964 | ||
| 600 | 0 | 7 | |a CHAPLIN, CHARLES |2 CL-VaPUC |9 266490 |
| 650 | 0 | |a Productores y directores de cine |9 266427 | |
| 650 | 0 | |a Biografías |9 255210 | |
| 651 | 0 | |a Inglaterra |9 255158 | |
| 583 | |a last modification |c 19920102 00:00:00 |k Rodrigo Vera | ||
| 490 | 0 | |a Le Livre de Poche | |
| 999 | |c 214284 |d 214282 | ||
| 952 | |0 0 |1 0 |4 0 |6 927_000000000000000_CHA_1964 |7 0 |8 P |9 197489 |a BIBARQ |b BIBARQ |d 2019-11-14 |i 2651688 |o 927 CHA 1964 |p 2651688 |r 2025-01-20 |w 2019-11-14 |y BK |k ARQ | ||
| 952 | |0 0 |1 0 |4 0 |6 927_000000000000000_CHA_1964 |7 0 |8 A |9 197490 |a BIBEDU |b BIBEDU |d 2019-11-14 |i 317395K |o 927 CHA 1964 |p 317395K |r 2019-11-14 |w 2019-11-14 |y BK |k LIT | ||